[Event "Championnat de France - Open A"]
[Site "Pau"]
[Date "2008.08.12"]
[Round "1.1"]
[White "Marcantoni, Herve"]
[Black "Brunstein, Sandrine"]
[Result "1-0"]
[WhiteElo "2198"]
[BlackElo "2049"]
[PlyCount "119"]
[EventDate "2008.??.??"]

1. e4 e6 2. d4 d5 3. Nc3 Bb4 4. e5 Ne7 5. Bd2 b6 6. Bd3 Nf5 7. Nf3 Ba6 8. Bxf5
exf5 9. Ne2 Be7 10. h4 c5 11. Bg5 Bxg5 12. hxg5 Nc6 13. Qd2 Bxe2 14. Qxe2 cxd4
15. O-O-O Qe7 16. Qb5 Qc5 17. Nxd4 Qxb5 18. Nxb5 O-O 19. f4 Rad8 20. Nd6 f6 21.
gxf6 gxf6 22. Rxd5 fxe5 23. fxe5 Nxe5 24. Rxe5 Rxd6 25. Re7 Rg6 26. Rxa7 Rxg2
27. Raxh7 Rf6 28. R7h2 Rg7 29. Kd1 Kf7 30. Ke2 Ke6 31. Kf3 f4 32. Rg2 Ra7 33.
a3 Ra4 34. Re2+ Kf5 35. Rh5+ Kg6 36. Rhe5 Rc4 37. c3 Ra4 38. Rg2+ Kf7 39. Re4
Rxe4 40. Kxe4 Ke6 41. Rf2 Kd6 42. Rxf4 Re6+ 43. Kd3 Re5 44. Rc4 Rh5 45. Kc2 b5
46. Rd4+ Kc6 47. Kb3 Kc5 48. a4 bxa4+ 49. Rxa4 Rh8 50. Ra5+ Kb6 51. Kb4 Rh4+
52. c4 Rxc4+ 53. Kxc4 Kxa5 54. b3 Ka6 55. Kc5 Ka7 56. Kc6 Ka6 57. b4 Ka7 58. b5
Kb8 59. Kb6 Ka8 60. Kc7 1-0

[Event "Championnat de France - Open A"]
[Site "Pau"]
[Date "2008.08.12"]
[Round "1.2"]
[White "Martinet, Regis"]
[Black "Brethes, Francois"]
[Result "0-1"]
[WhiteElo "2049"]
[BlackElo "2194"]
[PlyCount "114"]
[EventDate "2008.??.??"]

1. d4 d5 2. c4 dxc4 3. e3 Nf6 4. Bxc4 e6 5. Nf3 c5 6. O-O a6 7. a4 cxd4 8. exd4
Be7 9. Nc3 O-O 10. Bf4 Nc6 11. d5 exd5 12. Nxd5 Nxd5 13. Bxd5 Bf6 14. Bxc6 bxc6
15. Qc2 Qd5 16. Rad1 Bf5 17. Qd2 Qe4 18. b3 Rfd8 19. Qc1 Rxd1 20. Rxd1 Qc2 21.
Be5 Bxe5 22. Nxe5 Qxb3 23. Nxc6 Be4 24. Re1 Qxa4 25. Ne7+ Kh8 26. Qc5 Re8 27.
f3 Bc6 28. Re3 Bb5 29. Nf5 Qd1+ 30. Kf2 Qd8 31. Nd6 Qh4+ 32. Kg1 Rxe3 33. Qxe3
Qf6 34. Qc5 Qa1+ 35. Kf2 Qf1+ 36. Kg3 Qe1+ 37. Kf4 Qh4+ 38. Ke3 Qe7+ 39. Kf2 h6
40. Qd5 Qe2+ 41. Kg3 Qe1+ 42. Kh3 Qe6+ 43. Qxe6 fxe6 44. Kg4 Bf1 45. g3 a5 46.
Ne4 a4 47. Nd2 a3 48. Nb3 a2 49. Kf4 Kg8 50. Ke4 Bc4 51. Na1 Kf7 52. Ke5 g5 53.
f4 gxf4 54. gxf4 Kg6 55. Nc2 Kh5 56. f5 exf5 57. Kf4 Kh4 0-1

[Event "Championnat de France - Open A"]
[Site "Pau"]
[Date "2008.08.12"]
[Round "1.3"]
[White "Guezennec, Franck"]
[Black "Lagunes, Jean-Renaud"]
[Result "1-0"]
[WhiteElo "2190"]
[BlackElo "2047"]
[PlyCount "61"]
[EventDate "2008.??.??"]

1. e4 d6 2. d4 Nf6 3. Nc3 g6 4. Be3 c6 5. Qd2 Qc7 6. h3 b5 7. Bd3 Bb7 8. Nf3
Nbd7 9. O-O-O e5 10. dxe5 dxe5 11. Bg5 O-O-O 12. Bxb5 cxb5 13. Nxb5 Qc5 14.
Bxf6 Bh6 15. Qxh6 Nxf6 16. Qg7 Bxe4 17. Nc3 Bxf3 18. Rxd8+ Rxd8 19. Qxf6 Bxg2
20. Re1 Qd6 21. Qg5 Bxh3 22. Rd1 f6 23. Qe3 Qb6 24. Qxh3+ f5 25. Nd5 Qc5 26.
Qb3 e4 27. c4 Rd7 28. Qc2 g5 29. b4 Qf8 30. Qa4 Qh6 31. Nb6+ 1-0

[Event "Championnat de France - Open A"]
[Site "Pau"]
[Date "2008.08.12"]
[Round "1.4"]
[White "Noizat, Pierre"]
[Black "Platel, Alexandre"]
[Result "1/2-1/2"]
[WhiteElo "2045"]
[BlackElo "2190"]
[PlyCount "65"]
[EventDate "2008.??.??"]

1. e4 c5 2. Nf3 e6 3. d3 Nc6 4. g3 g6 5. Bg2 Bg7 6. O-O Nge7 7. Re1 d6 8. c3 f5
9. exf5 Nxf5 10. Ng5 Qe7 11. f4 h6 12. Nf3 O-O 13. Nbd2 Rb8 14. a4 Qc7 15. Nc4
Bd7 16. Qc2 Rbe8 17. Bd2 b6 18. Re2 a6 19. Rae1 b5 20. axb5 axb5 21. Ne3 Nce7
22. Nf1 Nd5 23. Qc1 Kh7 24. g4 Nfe7 25. h3 Nc6 26. Ng3 Nde7 27. Ne4 Na5 28. Qc2
Kh8 29. Nh4 d5 30. Nf2 Kh7 31. Nf3 Nac6 32. Qc1 Na5 33. Qc2 1/2-1/2

[Event "Championnat de France - Open A"]
[Site "Pau"]
[Date "2008.08.12"]
[Round "1.5"]
[White "Zarrouati, Pierre"]
[Black "Carre, Sylvain"]
[Result "1-0"]
[WhiteElo "2188"]
[BlackElo "2044"]
[PlyCount "55"]
[EventDate "2008.??.??"]

1. d4 d5 2. Nf3 Nf6 3. c4 e6 4. e3 Be7 5. Nc3 O-O 6. Be2 b6 7. O-O Ba6 8. b3
Bb4 9. Qc2 Bxc3 10. Qxc3 Ne4 11. Qc2 Nd7 12. a4 c5 13. Bb2 Rc8 14. Rac1 cxd4
15. Nxd4 Ndf6 16. Nb5 Bxb5 17. axb5 Qc7 18. f3 Nd6 19. e4 Qc5+ 20. Kh1 Nxb5 21.
Qd2 dxc4 22. Rxc4 Qd6 23. Qg5 h6 24. Qxb5 Qd2 25. Rxc8 Rxc8 26. Bxf6 gxf6 27.
Bc4 Rd8 28. Qh5 1-0

[Event "Championnat de France - Open A"]
[Site "Pau"]
[Date "2008.08.12"]
[Round "1.6"]
[White "Baudson, Charles"]
[Black "Iglesias, Joachim"]
[Result "1/2-1/2"]
[WhiteElo "2041"]
[BlackElo "2187"]
[PlyCount "98"]
[EventDate "2008.??.??"]

1. e4 c5 2. c3 d5 3. exd5 Qxd5 4. d4 g6 5. Nf3 Bg7 6. Be3 cxd4 7. cxd4 Nc6 8.
Nc3 Qd8 9. Be2 Be6 10. O-O Nf6 11. Ng5 Bd5 12. Nxd5 Nxd5 13. Qb3 O-O 14. Rfd1
e6 15. Ne4 Qb6 16. Qxb6 axb6 17. Nd6 Rfd8 18. Nb5 Ncb4 19. Bg5 f6 20. Bd2 Rd7
21. a3 Nc6 22. Bc4 Kf7 23. Re1 Re8 24. Bxd5 exd5 25. Rxe8 Kxe8 26. Re1+ Kf7 27.
Bf4 g5 28. Bd2 h6 29. Bc3 f5 30. h3 Bf6 31. g3 h5 32. Kg2 Re7 33. Nd6+ Kg6 34.
Rxe7 Bxe7 35. Nb5 Bf6 36. Nc7 Bxd4 37. Bxd4 Nxd4 38. a4 Kf7 39. b4 Nc6 40. Nxd5
Ke6 41. Nxb6 Nxb4 42. h4 g4 43. Nc4 Kd5 44. Ne3+ Ke6 45. Nc4 Nd3 46. Kf1 Kd5
47. Ne3+ Ke4 48. Nc4 Nc5 49. a5 Kd5 1/2-1/2

[Event "Championnat de France - Open A"]
[Site "Pau"]
[Date "2008.08.12"]
[Round "1.8"]
[White "Moullier, Igor"]
[Black "Redon, Bruno"]
[Result "0-1"]
[WhiteElo "2041"]
[BlackElo "2164"]
[PlyCount "136"]
[EventDate "2008.??.??"]

1. d4 Nf6 2. c4 g6 3. Nc3 d5 4. Nf3 Bg7 5. Qb3 dxc4 6. Qxc4 O-O 7. Bf4 c6 8. e4
b5 9. Qd3 b4 10. Na4 Ba6 11. Qc2 Bxf1 12. Kxf1 Nh5 13. Be3 Qd6 14. e5 Qd5 15.
Qb3 Qb5+ 16. Kg1 Bh8 17. Nc5 a5 18. Rc1 Ng7 19. g4 Na6 20. Kg2 Nc7 21. Qc4 Nd5
22. Qxb5 cxb5 23. Ne4 Ne6 24. Rc6 Rfc8 25. Rhc1 Rxc6 26. Rxc6 Bg7 27. Nc5 Nd8
28. Ra6 Rxa6 29. Nxa6 Ne6 30. Nb8 Kf8 31. Kf1 Ke8 32. Ke2 h6 33. Kd3 Nd8 34.
Nd2 Nb7 35. Na6 Kd7 36. Ne4 Kc6 37. Nb8+ Kc7 38. Na6+ Kb6 39. Nac5 Nxc5+ 40.
Nxc5 Kc6 41. f4 a4 42. Bd2 e6 43. h4 Bf8 44. Ne4 Be7 45. h5 gxh5 46. gxh5 f5
47. exf6 Bxf6 48. Nxf6 Nxf6 49. Bxb4 Nxh5 50. Ke4 Nf6+ 51. Ke5 Nd5 52. Be1 h5
53. Bg3 Nc7 54. Bh4 b4 55. Be1 b3 56. axb3 axb3 57. Ke4 Nb5 58. Bh4 Nd6+ 59.
Kd3 Nf5 60. Bf2 Kd5 61. Kc3 h4 62. Kxb3 Nxd4+ 63. Kb4 h3 64. Bg3 Nf3 65. Kb5 h2
66. Bxh2 Nxh2 67. b4 Nf3 68. Kb6 Nd4 0-1

[Event "Championnat de France - Open A"]
[Site "Pau"]
[Date "2008.08.12"]
[Round "1.9"]
[White "Rodier, David"]
[Black "Sauvadet, Herve"]
[Result "1/2-1/2"]
[WhiteElo "2162"]
[BlackElo "2041"]
[PlyCount "54"]
[EventDate "2008.??.??"]

1. d4 Nf6 2. c4 g6 3. f3 Bg7 4. e4 d6 5. Nc3 O-O 6. Be3 Nc6 7. Nge2 a6 8. Qd2
Rb8 9. Bh6 Bxh6 10. Qxh6 e5 11. Qd2 exd4 12. Nxd4 Bd7 13. Nb3 Re8 14. O-O-O Qe7
15. g4 Ne5 16. g5 Nxf3 17. Qf4 Nxe4 18. Qxf3 Qxg5+ 19. Kb1 Bg4 20. Nxe4 Rxe4
21. Qxe4 Bf5 22. Qxf5 Qxf5+ 23. Bd3 Qh3 24. Be4 Re8 25. Bxb7 a5 26. Bd5 a4 27.
Nd4 Re7 1/2-1/2

[Event "Championnat de France - Open A"]
[Site "Pau"]
[Date "2008.08.12"]
[Round "1.10"]
[White "Schweitzer, Adrien"]
[Black "Buscara, Sevan"]
[Result "0-1"]
[WhiteElo "2041"]
[BlackElo "2159"]
[PlyCount "72"]
[EventDate "2008.??.??"]

1. d4 d5 2. c4 c6 3. Nf3 Nf6 4. g3 Bf5 5. Nc3 e6 6. Bg2 Nbd7 7. O-O h6 8. Re1
Be7 9. Qb3 Qb6 10. Bf4 Qxb3 11. axb3 g5 12. Bc1 Bc2 13. Nd2 Bb4 14. e3 h5 15.
Bf3 h4 16. Bd1 Bf5 17. f3 hxg3 18. hxg3 Bd6 19. Nf1 Bh3 20. g4 Rh4 21. e4 dxe4
22. Bxg5 Rh7 23. Nxe4 Nxe4 24. Rxe4 Bxf1 25. Kxf1 Rh1+ 26. Ke2 Rh2+ 27. Kd3 c5
28. Bf4 Bxf4 29. Rxf4 e5 30. dxe5 Nxe5+ 31. Ke4 Nc6 32. Kd5 Nb4+ 33. Ke4 Rd8
34. Kf5 Nc6 35. Re4+ Kf8 36. Kf4 Rh1 0-1

[Event "Championnat de France - Open A"]
[Site "Pau"]
[Date "2008.08.12"]
[Round "1.11"]
[White "Gaubil, Olivier"]
[Black "Le Bail, Clara"]
[Result "1-0"]
[WhiteElo "2154"]
[BlackElo "2035"]
[PlyCount "161"]
[EventDate "2008.??.??"]

1. Nf3 d5 2. d4 Nf6 3. g3 c6 4. Bg2 Bf5 5. Nbd2 Nbd7 6. Nh4 Bg4 7. f3 Bh5 8.
O-O e6 9. Bh3 Bd6 10. Qe1 Qb6 11. c3 O-O 12. Kh1 c5 13. Nb3 cxd4 14. Nxd4 Ne5
15. g4 Bg6 16. Nxg6 hxg6 17. Rb1 Nc4 18. g5 e5 19. Ne6 Rfe8 20. Nxg7 Kxg7 21.
gxf6+ Kxf6 22. Qh4+ Kg7 23. Bh6+ Kg8 24. Bg5 Bf8 25. Bd7 Red8 26. Bf5 Ne3 27.
Bd3 Nxf1 28. Rxf1 Rd6 29. Rg1 Bg7 30. Rg3 Qf2 31. Qb4 Qb6 32. Qh4 Qf2 33. Qg4
Re8 34. Rg2 Qb6 35. Bc1 e4 36. fxe4 dxe4 37. Bc2 Rf6 38. Rg1 Qe6 39. Be3 Qxg4
40. Rxg4 Rfe6 41. Bb3 Rd6 42. Bc5 Ra6 43. Bc4 Rf6 44. Bxa7 e3 45. Rg3 Bh6 46.
Bd4 Rd6 47. Rh3 Bg7 48. Bxe3 Rd1+ 49. Kg2 Rb1 50. Rg3 Rxb2 51. Kf2 Bxc3 52.
Rxg6+ Kh7 53. Rg4 Be1+ 54. Kf3 Bc3 55. Bxf7 Rf8 56. Rh4+ Kg7 57. Bh6+ Kxf7 58.
Rf4+ Ke6 59. Bxf8 Rxa2 60. h4 Be5 61. Rb4 Bf6 62. h5 Ra5 63. h6 Rf5+ 64. Ke4 b5
65. Rb1 Rh5 66. Rg1 Rh4+ 67. Kd3 Kf7 68. Bg7 Rd4+ 69. Ke3 Rd6 70. Rf1 Kg6 71.
Rxf6+ Rxf6 72. Bxf6 Kxf6 73. Kd4 Kg6 74. Kc5 Kxh6 75. Kxb5 Kg5 76. Kc5 Kf6 77.
Kd5 Ke7 78. Ke5 Kd7 79. e3 Ke7 80. e4 Kd7 81. Kf6 1-0

[Event "Championnat de France - Open A"]
[Site "Pau"]
[Date "2008.08.12"]
[Round "1.12"]
[White "Coustance, Kevin"]
[Black "Prodhomme, Boris"]
[Result "1/2-1/2"]
[WhiteElo "2034"]
[BlackElo "2151"]
[PlyCount "42"]
[EventDate "2008.??.??"]

1. e4 c5 2. Nf3 d6 3. d4 cxd4 4. Nxd4 Nf6 5. Nc3 a6 6. Be2 e6 7. O-O Be7 8. f4
Qc7 9. a4 Nc6 10. Nb3 O-O 11. Kh1 b6 12. Be3 Bb7 13. Bf3 Rab8 14. Qe2 Na5 15.
Rad1 Nc4 16. Bc1 Nd7 17. g4 Bf6 18. Nd4 Qc5 19. Nb3 Qc7 20. Nd4 Qc5 21. Nb3 Qc7
1/2-1/2

[Event "Championnat de France - Open A"]
[Site "Pau"]
[Date "2008.08.12"]
[Round "1.13"]
[White "Derieux, Christian"]
[Black "Ane, Cedric"]
[Result "1-0"]
[WhiteElo "2149"]
[BlackElo "2033"]
[PlyCount "113"]

1. d4 Nf6 2. c4 e6 3. Nc3 d5 4. cxd5 exd5 5. Bg5 Be7 6. e3 h6 7. Bh4 O-O 8. Qc2
b6 9. Bd3 Bb7 10. Nge2 Nbd7 11. f3 c5 12. O-O Re8 13. Rae1 a6 14. Kh1 Qc7 15.
Bf2 Bd6 16. Ng3 Rac8 17. Nf5 cxd4 18. exd4 Bf8 19. Qd2 Qd8 20. g4 Nh7 21. Bh4
g5 22. Bg3 Ndf6 23. Be5 Rc6 24. h4 b5 25. Re2 b4 26. Nd1 Nd7 27. Bg3 Rxe2 28.
Qxe2 Re6 29. Qh2 Qb6 30. Re1 a5 31. Be5 Ba6 32. Qc2 Bxd3 33. Qxd3 f6 34. Bg3
Bg7 35. Nde3 gxh4 36. Bxh4 Ng5 37. Nxg7 Kxg7 38. Nf5+ Kf8 39. Nxh6 Qa6 40. Qxa6
Rxa6 41. Bxg5 fxg5 42. Nf5 Rc6 43. Re2 a4 44. Kg2 b3 45. axb3 axb3 46. Kf2 Nb6
47. Ne3 Rc1 48. Re1 Rc6 49. Re2 Rc1 50. Re1 Rc6 51. Kg3 Re6 52. Ng2 Rc6 53. Re3
Rc2 54. Rxb3 Nc4 55. Ne3 Rd2 56. Nxc4 dxc4 57. Rb4 1-0

[Event "Championnat de France - Open A"]
[Site "Pau"]
[Date "2008.08.12"]
[Round "1.14"]
[White "Laurent, Maxime"]
[Black "Kieffer, Christian"]
[Result "1-0"]
[WhiteElo "2033"]
[BlackElo "2148"]
[PlyCount "113"]

1. Nf3 d6 2. g3 g6 3. Bg2 Bg7 4. O-O e5 5. d3 Ne7 6. c4 O-O 7. Nc3 c6 8. Qc2
Na6 9. Rb1 d5 10. b4 d4 11. Na4 b5 12. cxb5 cxb5 13. Nc5 Nd5 14. Bd2 Rb8 15.
Nxa6 Bxa6 16. Rfc1 Nc3 17. Bxc3 dxc3 18. Ne1 Rc8 19. Rb3 Qe7 20. Ra3 Rfd8 21.
e3 h5 22. Rxc3 e4 23. d4 Bb7 24. Rc7 Qe6 25. Qe2 a6 26. Rxc8 Rxc8 27. Rxc8+
Bxc8 28. Qc2 Bb7 29. Bf1 Bf8 30. Qb2 Bd5 31. Qc3 Bd6 32. Be2 h4 33. Ng2 h3 34.
Ne1 f5 35. Bf1 g5 36. Bxh3 Bc4 37. Nc2 Kf7 38. Bf1 Bd5 39. Bh3 Ke7 40. Ne1 Kd7
41. Bf1 Bb3 42. Ng2 Bd1 43. h4 g4 44. Nf4 Bxf4 45. exf4 Qxa2 46. h5 Qf7 47. h6
Qh5 48. Qc5 Bf3 49. Bg2 Qxh6 50. Qxf5+ Qe6 51. Qxe6+ Kxe6 52. Bxf3 exf3 53. Kf1
Kd5 54. f5 Kd6 55. Ke1 Ke7 56. d5 Kf6 57. d6 1-0

[Event "Championnat de France - Open A"]
[Site "Pau"]
[Date "2008.08.12"]
[Round "1.15"]
[White "Renaudin, Mathieu"]
[Black "Lograda, Alexis"]
[Result "1-0"]
[WhiteElo "2146"]
[BlackElo "2033"]
[PlyCount "133"]

1. Nf3 g6 2. c4 Bg7 3. d4 c5 4. d5 d6 5. Nc3 Nf6 6. e4 O-O 7. Be2 a6 8. O-O Bg4
9. Bg5 h6 10. Be3 Nbd7 11. a4 Kh7 12. h3 Bxf3 13. Bxf3 Rb8 14. Qc2 b6 15. Rad1
Ne8 16. Be2 Nc7 17. f4 b5 18. cxb5 axb5 19. Nxb5 Na6 20. Bd2 Nb4 21. Qb3 Qb6
22. Kh1 Qa5 23. Rc1 Ra8 24. Nc3 Rfb8 25. Bb5 Nb6 26. Qd1 Qa7 27. b3 Rf8 28. Be3
Qa5 29. Rf3 Bxc3 30. Rxc3 N4xd5 31. Rd3 Nxe3 32. Rfxe3 Rac8 33. e5 dxe5 34.
Rxe5 e6 35. Qe1 Qxe1+ 36. Rxe1 c4 37. bxc4 Nxc4 38. Rd7 Kg8 39. Re4 Na5 40.
Red4 Kg7 41. Ra7 Nc6 42. Bxc6 Rxc6 43. a5 g5 44. Kh2 Kf6 45. a6 gxf4 46. Rxf4+
Kg5 47. Ra4 f5 48. Rb7 Ra8 49. a7 Rcc8 50. Rab4 Rc6 51. Ra4 Rcc8 52. Ra6 Kf6
53. Rh7 Ke5 54. Rxh6 Rc7 55. Rhxe6+ Kd5 56. Rf6 Ke5 57. Rae6+ Kd5 58. Re2 Raxa7
59. Rxf5+ Kd4 60. Rf4+ Kd3 61. Ref2 Rg7 62. R2f3+ Ke2 63. Re4+ Kd2 64. Rb4 Kc1
65. Rf2 Ra3 66. Rbb2 Rgg3 67. Ra2 1-0

[Event "Championnat de France - Open A"]
[Site "Pau"]
[Date "2008.08.12"]
[Round "1.16"]
[White "Fevre, Mathieu"]
[Black "Debray, Tristan"]
[Result "1/2-1/2"]
[WhiteElo "2032"]
[BlackElo "2145"]
[PlyCount "115"]

1. e4 Nf6 2. e5 Nd5 3. d4 d6 4. c4 Nb6 5. exd6 exd6 6. Bd3 Be7 7. Ne2 Nc6 8.
Nbc3 Bf6 9. Be3 Bg4 10. f3 Bh5 11. b3 O-O 12. Nf4 Re8 13. Be4 Bg5 14. Kf2 Bg6
15. d5 Ne5 16. Nxg6 Bxe3+ 17. Kxe3 Nxg6 18. Kf2 Qg5 19. Qc1 Qe5 20. Qc2 Qd4+
21. Kf1 Nd7 22. Rd1 Qf6 23. g3 Nc5 24. Kg2 Nxe4 25. Nxe4 Qd8 26. f4 Qd7 27.
Rhe1 Re7 28. Re2 Rae8 29. Rde1 Qg4 30. Kf2 Qh3 31. Kg1 Qg4 32. Kf2 Qf5 33. Kf1
h5 34. Qd3 h4 35. Nf2 Qd7 36. Kg2 hxg3 37. hxg3 c6 38. Kf3 Rxe2 39. Rxe2 Rxe2
40. Kxe2 Ne7 41. dxc6 bxc6 42. Ne4 d5 43. cxd5 Nxd5 44. Ng5 g6 45. Kf2 Qe7 46.
Qd4 Qa3 47. Qd2 Qc5+ 48. Kf3 Qg1 49. Qf2 Qh1+ 50. Ke2 a6 51. Qe1 Qg2+ 52. Kd3
Nf6 53. a4 Qd5+ 54. Kc2 Kg7 55. Kb2 Nd7 56. Ka3 Qc5+ 57. Kb2 Qd5 58. Ka3
1/2-1/2

[Event "Championnat de France - Open A"]
[Site "Pau"]
[Date "2008.08.12"]
[Round "1.17"]
[White "Milesi, Laurent"]
[Black "Batteux, Mickael"]
[Result "1-0"]
[WhiteElo "2145"]
[BlackElo "2030"]
[PlyCount "43"]
[EventDate "2008.??.??"]

1. b3 d5 2. Bb2 Nf6 3. e3 Bf5 4. f4 e6 5. Nf3 Nbd7 6. Be2 h6 7. O-O Be7 8. a4
c5 9. Na3 O-O 10. Qe1 Ne4 11. d3 Nd6 12. Kh1 a6 13. Rg1 Bh7 14. g4 Bf6 15. Be5
Bxe5 16. fxe5 Ne8 17. g5 hxg5 18. Nxg5 Nxe5 19. Qg3 Nd7 20. Raf1 Bg6 21. Rf4
Qe7 22. Qh3 1-0

[Event "Championnat de France - Open A"]
[Site "Pau"]
[Date "2008.08.12"]
[Round "1.18"]
[White "Gretry, Patrice"]
[Black "Deschler, Fabrice"]
[Result "1-0"]
[WhiteElo "2029"]
[BlackElo "2141"]
[PlyCount "79"]
[EventDate "2008.??.??"]

1. e4 c5 2. Nf3 Nc6 3. d4 cxd4 4. Nxd4 Nf6 5. Nc3 e5 6. Ndb5 d6 7. Nd5 Nxd5 8.
exd5 Nb8 9. c4 Be7 10. Be2 O-O 11. O-O Bd7 12. Nc3 f5 13. f4 Qb6+ 14. Kh1 exf4
15. Rxf4 Bf6 16. Rf3 Na6 17. Rb1 Rae8 18. b4 Rf7 19. Bd2 Rfe7 20. Bd3 g6 21.
Ne2 Kg7 22. Qf1 Rf7 23. Nf4 Nc7 24. Rh3 Qa6 25. Qf2 Kg8 26. Be3 b6 27. c5 Bb5
28. Bxb5 Qxb5 29. cxb6 axb6 30. Bxb6 Nxd5 31. Nxd5 Qxd5 32. a4 Rfe7 33. Re3 Be5
34. Qe2 f4 35. Re4 Kf8 36. Qf3 Qa2 37. Qb3 Qxb3 38. Rxb3 d5 39. Re1 Bc7 40. Bc5
1-0

[Event "Championnat de France - Open A"]
[Site "Pau"]
[Date "2008.08.12"]
[Round "1.19"]
[White "Jactel, Nicolas"]
[Black "Venner, Laurent"]
[Result "0-1"]
[WhiteElo "2141"]
[BlackElo "2029"]
[PlyCount "66"]

1. e4 d5 2. exd5 Qxd5 3. Nc3 Qa5 4. d4 Nf6 5. Nf3 c6 6. Bc4 Bf5 7. Bd2 e6 8.
Nd5 Qd8 9. Nxf6+ gxf6 10. Qe2 Bxc2 11. O-O Be7 12. Rfe1 Nd7 13. Rac1 Bg6 14.
Nh4 Nb6 15. Ba5 Qxd4 16. Nxg6 hxg6 17. Bxe6 Qe5 18. Qxe5 fxe5 19. Bb3 f6 20. f4
Nd7 21. Be6 Nc5 22. fxe5 Nd3 23. exf6 Nxe1 24. fxe7 Nd3 25. Rd1 Kxe7 26. Bc4
Ne5 27. Bb4+ Kf6 28. Rf1+ Kg7 29. Bc3 Rhe8 30. Rf7+ Kh6 31. Bd2+ g5 32. Rf6+
Kg7 33. Rxc6 Nxc6 0-1

[Event "Championnat de France - Open A"]
[Site "Pau"]
[Date "2008.08.12"]
[Round "1.20"]
[White "Bressac, Stephane"]
[Black "Garro, Pierre"]
[Result "1/2-1/2"]
[WhiteElo "2028"]
[BlackElo "2140"]
[PlyCount "82"]

1. e4 c5 2. Nf3 Nc6 3. d4 cxd4 4. Nxd4 Nf6 5. Nc3 e5 6. Ndb5 d6 7. Bg5 a6 8.
Na3 Be6 9. Nc4 Rc8 10. Bd3 Be7 11. Bxf6 Bxf6 12. O-O Bg5 13. Qe1 O-O 14. Ne3
Ne7 15. Kh1 g6 16. Qe2 Qc7 17. g3 Bh6 18. f4 f5 19. exf5 gxf5 20. Qh5 Rf6 21.
fxe5 Rg6 22. Nxf5 Bxf5 23. Bxf5 Nxf5 24. Qxf5 dxe5 25. Qe4 Rd8 26. Nd5 Qg7 27.
Rae1 Rgd6 28. c4 b5 29. Rf5 bxc4 30. Rxe5 Qf7 31. Ne7+ Kh8 32. Nf5 Rd1 33. Qf3
Rxe1+ 34. Rxe1 Rf8 35. g4 Bg7 36. Re2 Qd7 37. Qe4 Bf6 38. Kg2 Rb8 39. g5 Bxb2
40. Kf3 Rf8 41. Kg4 Bg7 1/2-1/2

[Event "Championnat de France - Open A"]
[Site "Pau"]
[Date "2008.08.12"]
[Round "1.21"]
[White "Jeanjean, Dominique"]
[Black "Busson, Benoist"]
[Result "1-0"]
[WhiteElo "2140"]
[BlackElo "2028"]
[PlyCount "115"]

1. e4 e5 2. Nf3 Nc6 3. Bc4 Nf6 4. d3 Be7 5. Nbd2 O-O 6. O-O d6 7. c3 h6 8. Re1
Nh7 9. Nf1 Ng5 10. Ne3 Bf6 11. Bb3 Ne7 12. h3 Ne6 13. Ng4 Ng6 14. d4 Nef4 15.
dxe5 Bxg4 16. hxg4 dxe5 17. Be3 Qc8 18. Nh2 Rd8 19. Qc2 c5 20. Bc4 a6 21. a4
Rb8 22. a5 Bg5 23. b4 cxb4 24. cxb4 Ne6 25. Qa2 Bxe3 26. Rxe3 Ngf8 27. Nf3 f6
28. Rc1 Kh7 29. Rec3 Qd7 30. Bd5 Rbc8 31. Qc2 Rxc3 32. Qxc3 Nf4 33. Qc2 Qxg4
34. g3 N8g6 35. Nh2 Nh3+ 36. Kh1 Qd7 37. Kg2 Ng5 38. Qc7 Qh3+ 39. Kg1 Rd7 40.
Qb8 Ne7 41. Bxb7 Rd2 42. Qa7 Qd7 43. Rf1 Nc6 44. Qxa6 Nxb4 45. Qa8 Rc2 46. a6
Nd3 47. Bd5 Rc8 48. Qb7 Rc7 49. Qb1 Nc5 50. Qa2 Ra7 51. Rd1 Qc8 52. Qc4 Qc7 53.
Ra1 Qb6 54. Rc1 Nxa6 55. Qc8 Rc7 56. Rxc7 Nxc7 57. Bg8+ Kh8 58. Bf7+ 1-0

[Event "Championnat de France - Open A"]
[Site "Pau"]
[Date "2008.08.12"]
[Round "1.22"]
[White "Denous, Cyprien"]
[Black "Licayan, Albert"]
[Result "1-0"]
[WhiteElo "2028"]
[BlackElo "2139"]
[PlyCount "83"]
[EventDate "2008.??.??"]

1. e4 c5 2. c3 Nf6 3. e5 Nd5 4. Nf3 e6 5. Bc4 Nb6 6. Bb3 d5 7. d4 Nc6 8. O-O h6
9. Be3 cxd4 10. cxd4 Bd7 11. Nc3 Na5 12. Bc2 Rc8 13. Bd3 a6 14. Qe2 Bb4 15.
Rfc1 Bxc3 16. bxc3 Nac4 17. Nd2 Nxe3 18. fxe3 O-O 19. Rab1 Bc6 20. Qg4 Bb5 21.
Bxb5 axb5 22. Rxb5 Nc4 23. Nxc4 Rxc4 24. Rxb7 Qa5 25. Rb2 Rxc3 26. Rxc3 Qxc3
27. Qe2 Rc8 28. a4 Rc4 29. Ra2 Qa5 30. Qd1 Qc7 31. Qd2 Rc1+ 32. Kf2 Qc4 33. Qe2
Qb4 34. a5 Rc7 35. a6 Ra7 36. Qc2 g6 37. Rb2 Qa5 38. Rb8+ Kg7 39. Qc8 Qd2+ 40.
Kf3 Qd1+ 41. Kg3 Qe1+ 42. Kh3 1-0

[Event "Championnat de France - Open A"]
[Site "Pau"]
[Date "2008.08.12"]
[Round "1.23"]
[White "Lewis, John"]
[Black "Loiseau, Quentin"]
[Result "1/2-1/2"]
[WhiteElo "2134"]
[BlackElo "2028"]
[PlyCount "40"]
[EventDate "2008.??.??"]

1. d4 Nf6 2. Nf3 g6 3. c4 Bg7 4. Nc3 O-O 5. g3 d5 6. Qb3 c6 7. Bg2 dxc4 8. Qxc4
Nd5 9. Bd2 Be6 10. Qa4 Nxc3 11. Bxc3 Bd5 12. O-O Nd7 13. Rac1 Nf6 14. Rfd1 Ne4
15. Ba5 Qd7 16. Qc2 Qe6 17. b3 h6 18. Bc7 Nd6 19. Ba5 Ne4 20. Bc7 Nd6 1/2-1/2

[Event "Championnat de France - Open A"]
[Site "Pau"]
[Date "2008.08.12"]
[Round "1.24"]
[White "Menneveux, Jerome"]
[Black "Nguyen-Huu, Hoang"]
[Result "1/2-1/2"]
[WhiteElo "2027"]
[BlackElo "2129"]
[PlyCount "60"]

1. e4 c6 2. d4 Qc7 3. Nc3 d6 4. f4 Nd7 5. Nf3 e5 6. Bc4 h6 7. Bb3 Ngf6 8. O-O
Be7 9. Kh1 O-O 10. a4 b6 11. a5 bxa5 12. fxe5 dxe5 13. dxe5 Nxe5 14. Nxe5 Qxe5
15. Bf4 Qc5 16. e5 Nh7 17. Ne4 Qb6 18. Qh5 c5 19. Nd6 Bxd6 20. exd6 Ba6 21. Rf3
Be2 22. Bxh6 c4 23. Bxc4 Bxf3 24. Qg6 Qd4 25. gxf3 Qf6 26. Rg1 Qxf3+ 27. Rg2
Qd1+ 28. Rg1 Qf3+ 29. Rg2 Qd1+ 30. Rg1 Qf3+ 1/2-1/2

[Event "Championnat de France - Open A"]
[Site "Pau"]
[Date "2008.08.12"]
[Round "1.25"]
[White "Leitner, Walter"]
[Black "Achereiner, Guillaume"]
[Result "1-0"]
[WhiteElo "2126"]
[BlackElo "2025"]
[PlyCount "58"]

1. e4 e6 2. d4 d5 3. e5 Qd7 4. Nf3 b6 5. c3 c5 6. Bd3 Ba6 7. O-O Bxd3 8. Qxd3
Nc6 9. dxc5 bxc5 10. b3 Nh6 11. Bxh6 gxh6 12. Nbd2 Bg7 13. Rfe1 O-O 14. Rad1 f5
15. exf6 Rxf6 16. Ne4 Rxf3 17. gxf3 Ne5 18. Qe3 d4 19. cxd4 cxd4 20. Qe2 Rf8
21. Nd2 Rf4 22. Rc1 d3 23. Qe3 Rf5 24. Qe4 h5 25. Qe3 Qb7 26. Kg2 h4 27. h3 Bf6
28. Rg1 Kh8 29. Kf1 Be7 1-0

[Event "Championnat de France - Open A"]
[Site "Pau"]
[Date "2008.08.12"]
[Round "1.26"]
[White "Petitjean, Pierre"]
[Black "Dube, Dimitri"]
[Result "1-0"]
[WhiteElo "2025"]
[BlackElo "2124"]
[PlyCount "95"]

1. g3 e5 2. Bg2 f5 3. d3 Nf6 4. Nf3 d6 5. O-O Be7 6. c4 O-O 7. c5 Kh8 8. Nc3
Nc6 9. cxd6 cxd6 10. Qb3 Qe8 11. Bg5 Qh5 12. Rfc1 Rb8 13. Bxf6 Bxf6 14. Nd5 Be6
15. Nxf6 Rxf6 16. Qb5 Bd7 17. Nh4 Qe8 18. Kf1 Nd4 19. Qa5 Bc6 20. Qxa7 g5 21.
Nf3 Ra8 22. Qb6 Ra6 23. Qb4 Ra4 24. Qd2 Nxf3 25. Bxf3 e4 26. Bg2 h6 27. Rc4
Rxc4 28. dxc4 Qe5 29. Rd1 f4 30. Qd4 f3 31. Bh3 Qxd4 32. Rxd4 Kg7 33. e3 h5 34.
Ke1 h4 35. Bf1 hxg3 36. hxg3 Kf7 37. Kd2 Ke7 38. Kc3 Rh6 39. b4 Rh1 40. b5 Bd7
41. Rxe4+ Be6 42. Bd3 Rh2 43. c5 d5 44. Ra4 Kd7 45. b6 Rxf2 46. Bb5+ Ke7 47. c6
bxc6 48. b7 1-0

[Event "Championnat de France - Open A"]
[Site "Pau"]
[Date "2008.08.12"]
[Round "1.27"]
[White "Jaulin, Marc"]
[Black "Ruch, Bernard"]
[Result "1-0"]
[WhiteElo "2124"]
[BlackElo "2022"]
[PlyCount "85"]

1. e4 e6 2. d4 d5 3. Nc3 Nf6 4. Bg5 Bb4 5. exd5 exd5 6. Qf3 c6 7. Bxf6 Qxf6 8.
Qxf6 gxf6 9. Bd3 b6 10. O-O-O Ba6 11. Re1+ Kd8 12. Bf5 Nd7 13. Nh3 Bd6 14. g3
Kc7 15. Nf4 h5 16. Ng2 b5 17. Nh4 b4 18. Na4 Nb6 19. Nc5 Bb5 20. Bh3 Rae8 21.
Nf5 Bxc5 22. dxc5 Na4 23. Nd6 Rxe1+ 24. Rxe1 Nxc5 25. Nxb5+ cxb5 26. Re7+ Kb6
27. Rxf7 h4 28. Rxf6+ Kc7 29. Bg2 hxg3 30. hxg3 Ne4 31. Rf4 a5 32. Bxe4 dxe4
33. Rxe4 Rh1+ 34. Kd2 Ra1 35. g4 Rxa2 36. g5 Rxb2 37. g6 b3 38. g7 Rxc2+ 39.
Kd3 Rxf2 40. g8=Q b2 41. Re7+ Kd6 42. Qd8+ Kc5 43. Qd4+ 1-0